000 00757nam a2200193 a 4500
003 0
005 20250310112008.0
008 090710s19uu xx 00 eng d
050 _aPHS HF 5549.5.J63
_b.Ag283 2009
100 _aAguilar, Czarina Xhinette H.
245 _aThe Qualifications of a non-voice business process outsourcing of a data transaction processor /
_cCzarina Xhinette H. Aguilar.
260 _aLas PiƱas City, Philippines :
_bSouthville International School and Colleges,
_c2009.
300 _a61 pages :
_billustrations ;
_c28 cm.
504 _aIncludes bibliographical references.
650 _aEmployment qualifications.
650 _aData processing service industry.
650 _aBusiness process outsourcing.
942 _2lcc
_cPASS
999 _c98226
_d98226